| 000 -LEADER |
| fixed length control field |
01077pab a2200157 454500 |
| 008 - FIXED-LENGTH DATA ELEMENTS--GENERAL INFORMATION |
| fixed length control field |
180718b2001 xxu||||| |||| 00| 0 eng d |
| 100 ## - MAIN ENTRY--PERSONAL NAME |
| Personal name |
Cancian, Maria |
| 245 ## - TITLE STATEMENT |
| Title |
Rhetoric and reality of work-based welfare reform |
| 260 ## - PUBLICATION, DISTRIBUTION, ETC. |
| Date of publication, distribution, etc. |
2001 |
| 300 ## - PHYSICAL DESCRIPTION |
| Extent |
p.309-14 |
| 362 ## - DATES OF PUBLICATION AND/OR SEQUENTIAL DESIGNATION |
| Dates of publication and/or sequential designation |
Oct |
| 520 ## - SUMMARY, ETC. |
| Summary, etc. |
The argument presented in this article is that although work is one path toward improved well-being for poor families, a successful and humane social welfare policy must recognize and respond to its limitations. The prowork rhetoric surrounding current efforts to move women from welfare to work rests on at least three propositions: Work is the norm, work is good for families, and work leads to self-sufficiency. The article reviews empirical evidence on each of these propositions and concludes that many former welfare participants will earn low wages in unstable employment and will require a broad range of supports to move from welfare to self-sufficiency and improved family well-being. - Reproduced |
| 650 ## - SUBJECT ADDED ENTRY--TOPICAL TERM |
| Topical term or geographic name entry element |
Social welfare |
| 773 ## - HOST ITEM ENTRY |
| Main entry heading |
Social Work |
| 909 ## - |
| -- |
50446 |